Die gefährlichsten Städte Europas - Statistiken

Allgemein
  • Dieses Quiz wurde 732 mal gespielt
    670 seit der letzten Aktualisierung
  • Das Durchschnittsergebnis liegt bei 9 aus 20
Antwortstatistiken
Kriminalitäts-Index Land Stadt % Korrekt
52,51 Vereinigtes Königreich London
92%
52,03 Italien Rom
91%
51,79 Frankreich Paris
90%
57,91 Frankreich Marseille
82%
56,41 Italien Neapel
81%
50,64 Belgien Brüssel
76%
55,56 Vereinigtes Königreich Manchester
73%
58,06 Vereinigtes Königreich Birmingham
58%
50,22 Italien Turin
52%
53,92 Schweden Malmö
49%
52,97 Ukraine Odessa
29%
52,98 Italien Bari
23%
61,56 Italien Catania
21%
53,01 Frankreich Nantes
20%
52,06 Spanien Bilbao
17%
56,87 Frankreich Montpellier
16%
53,22 Ukraine Dnipro
7%
51,27 Frankreich Grenoble
5%
58,51 Vereinigtes Königreich Bradford
3%
57,80 Irland Drogheda
1%
Keine übereinstimmenden Quizze gefunden
Verteilung der Resultate
Anzahl Personen mit jedem Resultat
Perzentil nach korrekt beantworteten Fragen
Ihre Resultats-Entwicklung
Sie haben dieses Quiz seit der letzten Aktualisierung nicht gespielt